[Event "Nord West Cup 13th"]
[Site "Bad Zwischenahn"]
[Date "2011.01.29"]
[Round "5"]
[White "Spirin, Oleg"]
[Black "Miezis, Normunds"]
[Result "1-0"]
[WhiteElo "2494"]
[BlackElo "2524"]
[Annotator "Gutman,L"]
[PlyCount "125"]
[EventDate "2011.01.27"]
[EventType "swiss"]
[EventRounds "7"]
[EventCountry "GER"]
[SourceTitle "CBM 141"]
[Source "ChessBase"]
[SourceDate "2011.03.17"]
[SourceVersion "1"]
[SourceVersionDate "2011.03.17"]
[SourceQuality "1"]

1. d4 Nf6 2. Nf3 e6 3. c4 Bb4+ 4. Bd2 a5 5. g3 d5 6. Qc2 O-O 7. Bg2 c5 8. dxc5
d4 9. Bxb4 axb4 10. O-O Nc6 11. Rd1 e5 12. Nbd2 Qe7 {Diese Variante ist eine
Spezialität von GM Gennadi Kuzmin} 13. Ng5 ({Ein neuer Versuch. In
Portisch-Kuzmin, Berlin 1997, folgte} 13. Nb3 Nd7 14. Qe4 Nf6 15. Qc2 Nd7 16.
Qe4 Nf6 {mit remis.}) 13... h6 14. Nge4 Nxe4 15. Nxe4 Bf5 16. h4 ({Etwas
povozierend. Weiß schwächt ohne ersichtlichen Grund seine Königsstellung, mit
der Einladung anzugreifen. Zum Ausgleich führt} 16. Qd2 Bxe4 17. Bxe4 Qxc5 18.
Bd5 $11) 16... Kh8 17. Qb3 Bg4 ({Nach} 17... Bxe4 18. Bxe4 f5 19. Bd5 f4 {
hat Weiß} 20. a3 fxg3 21. Qxg3 $14 {mit etwas Plus in petto.}) 18. Re1 Ra5 19.
Nd2 (19. a3 f5 20. Nd6 e4 21. axb4 Rxa1 22. Rxa1 Bxe2 23. b5 Ne5 $11 {
verspricht Schwarz guten Ersatz für die Qualität.}) 19... Qxc5 20. Qd3 Raa8 21.
Nb3 Qb6 ({Solider erscheint} 21... Qe7 {, um} 22. e3 {mit 22...} dxe3 23. Qxe3
f6 $11 {zu beantworten.}) 22. e3 Rad8 23. Bd5 $6 ({Bessere Chancen versprach} 
23. exd4 Nxd4 24. c5 Qc7 25. Nxd4 Rxd4 26. Qb5 $14) 23... f5 ({Zum Ausgleich
reichte} 23... Be6 $11) 24. exd4 e4 ({Und hier} 24... exd4 25. f3 Bh5 26. Kg2
Bf7 27. Bxf7 Rxf7 28. f4 Ra8 $11) 25. Qd2 Ne7 $2 ({Miezis übersieht die weiße
Idee. Nach dem richtigen} 25... Rf6 26. Rac1 ({Bei} 26. a4 bxa3 27. Rxa3 {
wäre 27...} Ne7 28. c5 Qb5 29. Ra5 Qd7 30. Bc4 Bf3 $15 {stark gewesen}) 26...
Bf3 {stünde Schwarz keinesfalls schlechter.}) 26. Bxe4 $1 fxe4 27. Rxe4 Nc6 28.
Rxg4 Ne5 29. Qe2 $2 ({Stärker war} 29. Rf4 Nf3+ 30. Rxf3 Rxf3 31. Re1 Rdf8 32.
Re2 $16 {mit Vorteil.}) 29... Nxg4 30. Qxg4 Rde8 $2 ({Zeitverlust. Nach} 30...
Qf6 31. Rf1 Rfe8 32. h5 Qa6 33. d5 Qxa2 34. Nc5 Qxb2 35. Nxb7 Rb8 36. Nd6 Rf8
$11 {bliebe das Gleichgwicht bewahrt.}) 31. Nc5 Qf6 32. Nd3 b5 ({Ein typisches
Zeitnotspiel beginnt. Auch} 32... Kg8 {reicht nicht aus wegen} 33. d5 h5 34.
Qxh5 Qd4 35. Rd1 Qxc4 36. d6 $16) 33. Rc1 $6 ({Viel einfacher war} 33. cxb5 Rd8
34. Nf4 Rxd4 35. Re1 $16 {mit drei Bauern für die Qualität.}) 33... bxc4 34.
Rxc4 Re1+ ({Zu überlegen war} 34... Qf7 35. Rc5 Qxa2 36. Kg2 Qb3 37. Nf4 Kg8
38. Qd7 $14 {mit etwas besseren Aussichten für Weiß.}) 35. Kg2 Qf7 36. Rc5 Kg8
({Keine Rettung versprach} 36... Rb1 37. b3 Rb2 38. Kh3 Rxa2 39. Ne5 $16) 37.
Nf4 $2 ({Vorteil sicherte} 37. b3 $16) 37... Re4 $2 ({Panische Reaktion, wobei
} 37... Qb7+ 38. d5 Qa6 39. Qf3 Qf1+ 40. Kh2 Rd1 41. Rc7 Qg1+ 42. Kh3 Qf1+ 43.
Kg4 Rd4 44. h5 Qb1 $11 {Ausgleich versprach.}) 38. d5 Qe7 39. Rc8 (39. Rc6 $16
{war ebenfalls gut.}) 39... Qf7 ({Das Damenendspiel nach} 39... Rexf4 40. gxf4
Qe4+ 41. Kg3 Qxd5 42. Rxf8+ Kxf8 43. Qc8+ Kf7 44. Qc7+ Kg6 45. Qb6+ $16 {
wäre trostlos für Schwarz gewesen.}) 40. Rxf8+ Qxf8 41. Qg6 Qe8 42. Qd6 $2 ({
Richtig war} 42. Qf5 Rd4 43. Ne6 Rd2 44. Qf4 Rxd5 45. Nc7 $16) 42... Qe5 43.
Qc6 Re1 $2 ({Während der Schwarze} 43... Rd4 44. Qc1 g5 45. Qc8+ Kf7 46. Qd7+
Kg8 $11 {mit Ausgleich verpasst.}) 44. Qc8+ Qe8 45. Qc2 $2 ({Bessere
Erfolgaussichten versprach} 45. Qxe8+ Rxe8 46. Nd3 $14 Re2 47. Kf3 Rc2 48. Ke4
Kf7 49. Kd4 $16) 45... Qe4+ 46. Qxe4 Rxe4 47. Kf3 Re5 $2 {Der Verlustzug, der
Turm wird deplaziert.} ({Notwendig war} 47... Rc4 48. Nd3 Rc2 49. Ke4 Kf7 50.
Ke5 Ke7 51. h5 Kd7 52. Kd4 Kd6 {mit wahrscheinlichem Remis.}) 48. d6 Re8 49.
Nd5 b3 50. axb3 Rd8 51. Ke4 Rxd6 52. Ke5 Rd8 53. b4 Kf7 54. b5 Re8+ 55. Kd6
Rd8+ 56. Kc6 Ke6 57. Nc7+ Ke7 58. b6 Rd6+ 59. Kc5 Kd7 60. b7 Rc6+ 61. Kd5 Rb6
62. Na6 Rb5+ 63. Kc4 1-0

[Event "Stuttgart-chA int"]
[Site "Ditzingen"]
[Date "2015.05.16"]
[Round "5"]
[White "Ikonnikov, Vyacheslav"]
[Black "Belezky, Alexander"]
[Result "1-0"]
[WhiteElo "2560"]
[BlackElo "2453"]
[Annotator "Gutman,L"]
[PlyCount "87"]
[EventDate "2015.05.14"]
[EventType "swiss"]
[EventRounds "7"]
[EventCountry "GER"]
[SourceTitle "EXT 2016"]
[Source "ChessBase"]
[SourceDate "2015.10.08"]
[SourceVersion "1"]
[SourceVersionDate "2015.10.08"]
[SourceQuality "1"]

1. d4 Nf6 2. Nf3 e6 3. c4 Bb4+ 4. Bd2 Qe7 5. g3 Nc6 (5... Bxd2+ 6. Qxd2 Nc6 {
kommt meistens vor.}) 6. Nc3 Bxc3 7. Bxc3 Ne4 8. Rc1 d6 9. d5 Nxc3 10. Rxc3 Nb8
11. dxe6 fxe6 12. Nd4 ({Weniger verspricht} 12. Bg2 O-O 13. O-O Nd7 14. Nd4 Nf6
15. Nc2 Rb8 16. e4 e5 17. Ne3 {Socko-Shkapenko, Gorzow 2014} Be6 $5 $11) 12...
O-O 13. Bg2 c6 14. O-O Nd7 15. b4 $5 ({Nach} 15. Qd2 e5 16. Nc2 Nf6 17. Ne3 Be6
18. Rd3 Ne8 19. b4 a6 {konnte Schwarz sich verteidigen in Buhmann-Belezky,
Bundesliga 2013/14.}) 15... e5 16. Nc2 Nf6 17. b5 cxb5 18. cxb5 Be6 19. Ne3
Rfc8 ({Etwas genauer war} 19... Rac8 $5 20. Rd3 Rfd8 21. Nd5 Nxd5 22. Bxd5 Bxd5
({oder} 22... Rc5 23. Qb3) 23. Rxd5 Rc5 24. Qb3 Rxd5 25. Qxd5+ Qf7 26. Qd2 b6
27. Rc1 d5 28. a4 $14 {mit etwas Plus für Weiß.}) 20. Rd3 Ne8 21. Nd5 $2 ({
Hier falsch, Vorteil versprach} 21. Bd5 Qd7 22. Qb3 $16) 21... Bxd5 22. Bxd5+
Kh8 23. Qb3 Nf6 24. Bg2 e4 25. Rd4 d5 ({Besser gefällt} 25... Rc5 $5 26. Rfd1
d5 $11) 26. f3 Qc5 ({Immer noch war} 26... Rc5 {möglich,} 27. fxe4 dxe4 28. Qb4
Re5 29. Qxe7 Rxe7 30. Rc1 g6) 27. e3 Re8 28. f4 Re6 $2 ({Zeitverlust. Zum
Ausgleich führte} 28... a6 $5) 29. Rb1 Rb6 ({Hier war} 29... a6 {weniger
effektiv wegen} 30. Bh3 Rb6 31. a4 axb5 32. Bf1 $1) 30. a4 a6 31. h3 $6 ({
Bessere Chancen sicherte} 31. Bf1 axb5 32. Bxb5 Rc8 33. h3 $14) 31... axb5 32.
g4 Raa6 $2 ({Richtig war} 32... h6 33. Qb4 Rc8 $11 {mit genügend Gegenspiel.})
33. axb5 $2 (33. Qb4 Qc2 34. Rxd5 bxa4 35. Rd8+ Ng8 36. Bxe4 Qa2 37. Qe1 Qe6
38. Bd5 Rxb1 39. Qxb1 Qxe3+ 40. Kg2 Re6 41. Qg1 Qxf4 42. Qe1 $16) 33... Ra3 34.
Qb4 Qxb4 $2 ({Der letzter Fehler. Zum Ausgleich reichte} 34... Rc3 35. Qxc5
Rxc5 36. Bf1 h6 $11) 35. Rbxb4 Rxe3 36. g5 Ne8 37. Rxd5 Re6 38. b6 ({Etwas
genauer war} 38. Kf2 Ra3 39. Rxe4 $18) 38... Kg8 39. Re5 Kf7 40. Kf2 Rxe5 41.
fxe5 Rd3 42. Bxe4 Rd2+ 43. Kf3 Ke6 44. Bxb7 1-0

[Event "Hoogovens"]
[Site "Wijk aan Zee"]
[Date "1999.01.20"]
[Round "4"]
[White "Van Wely, Loek"]
[Black "Yermolinsky, Alex"]
[Result "1-0"]
[WhiteElo "2636"]
[BlackElo "2597"]
[Annotator "Hansen,Cu"]
[PlyCount "61"]
[EventDate "1999.01.16"]
[EventType "tourn"]
[EventRounds "13"]
[EventCountry "NED"]
[EventCategory "17"]
[SourceTitle "CBM 069"]
[Source "ChessBase"]
[SourceDate "1999.04.01"]
[SourceVersion "1"]
[SourceVersionDate "1999.04.01"]
[SourceQuality "1"]

1. d4 {Tisdall} Nf6 2. c4 e6 3. Nf3 Bb4+ 4. Bd2 Qe7 5. g3 Nc6 6. Nc3 d6 $6 {
Tisdall: 'It is possible that this line will have to be reevaluated after this
game. A solid alternative is:'} (6... Bxc3 {Tisdall} 7. Bxc3 Ne4 (7... d5 8.
Bg2 O-O 9. O-O Rd8 10. Rc1 Bd7 11. Nd2 Be8 12. Qb3 Rab8 13. e3 a5 $5 14. a3 a4
15. Qa2 Qd7 16. Rfd1 b5 $13 {1/2-1/2 Polgar,Z-Martens,M/Amsterdam 1990/CBM 20 
(39)}) 8. Rc1 a5 (8... Nxc3 9. Rxc3 d6 10. Bg2 O-O 11. O-O a5 12. d5 Nd8 (12...
Nb4 13. a3 (13. dxe6 fxe6 14. a3 Nc6 15. Nd4 Nxd4 16. Qxd4 e5 17. Qd2 a4 18. c5
$1 Rd8 19. cxd6 Rxd6 20. Qc2 $36 {1/2-1/2 Komarov,D-Sokolov,A/JUG-chT Budva
1996 (34)}) 13... Na6 14. dxe6 fxe6 {Vyzmanavin,A-Titov,G/URS-ch58 Moscow 1991/
1-0 (49)} 15. Nd4 $14) (12... Nb8 13. Qc2 Na6 14. a3 e5 15. Rb1 f5 16. b4 f4
17. Nd2 Bd7 18. c5 axb4 19. axb4 Bb5 20. Ne4 $14 {1-0 Farago,I-Deleyn,G/Sas
van Gent 1992 (47)}) 13. dxe6 fxe6 $5 $146 14. e4 $5 e5 15. c5 Be6 16. cxd6
cxd6 17. Qd2 Nf7 18. Rfc1 $14 {1-0 Chuchelov,V-Meier,V/Hamburg 1997/EXT 98/
[Chuchelov] (51)}) (8... d5 9. Bg2 O-O 10. O-O a5 11. Qc2 Rd8 12. Rfd1 Nd6 13.
b3 dxc4 14. bxc4 Nxc4 15. Ba1 Nd6 16. e4 $44 {1/2-1/2 Neverov,V-Adianto,U/
Koszalin 1998/CBM 65 ext (70)}) 9. Bg2 O-O 10. O-O d6 11. d5 Nb4 12. Be1 exd5
13. cxd5 Bd7 14. a3 $16 {0-1 Ksieski,Z-Danielsen,H/Espergaerde 1987/EXT 97 (64)
}) 7. d5 {'!' Tisdall.  This is why 6..d6 is not played very often.} exd5 (7...
Nb8 $4 8. Qa4+) (7... Bxc3 {Tisdall} 8. Bxc3 Nb8 9. Bg2 e5 10. c5 O-O 11. cxd6
cxd6 12. Nd2 Bg4 13. O-O $14 {1-0 Nickoloff,B-Colias,B/Chicago 1992/TD (28)})
8. Nxd5 {'!?' Tisdall. Tisdall: 'This appears to be new, though it has been
recommended by Yusupov as simple and strong. Even the alternative has posed
black problems:'} (8. cxd5 {Tisdall} Ne5 9. Nxe5 dxe5 10. Bg2 a6 (10... O-O 11.
O-O Bf5 $6 12. Qb3 $16 e4 13. Rac1 Rad8 14. Bg5 Rfe8 15. Bxf6 gxf6 16. e3 c5
17. dxc6 bxc6 18. Nxe4 $1 $18 {Magerramov-Ilic/Belgrade/1989/with a different
move order}) 11. O-O O-O 12. Rc1 h6 13. Qc2 (13. Qb3 Bd6 14. Nd1 Bd7 15. Ne3 b5
16. Ba5 Ne8 17. Nc2 f5 18. Nb4 $14 {0-1 Gomez Esteban,J-Hoffman,A/Elgoibar
1996/CBM 57 ext (38)}) 13... Bd6 $2 14. Nd1 $1 Bg4 15. e4 $16 {1/2-1/2
Kortschnoj,V-Jussupow,A/Horgen 1995/CBM 50/[Jussupow] (62)}) 8... Nxd5 9. cxd5
Ne5 {[%cal Re5d3,Re5f3]} 10. Nxe5 Bxd2+ (10... dxe5 {Black would like to play
this but again there is} 11. Qa4+) 11. Qxd2 dxe5 (11... Qxe5 12. Rc1 {[%csl
Rc7][%cal Yc1c7]} (12. Bg2 {Tisdall} Bf5 13. Rc1 O-O 14. O-O Rfc8 15. Rc3 $16 {
has been given by Yusupov.})) 12. Bg2 O-O 13. Rc1 {Black has big problems with
his c7-P Tisdall: 'Black's position is inferior and prospectless. White's
pressure on the c-file is terribly unpleasant.'} Rd8 (13... f5 $5 {[%cal Yf8f7,
Ye5e4] I think this would have been blacks relative best chance. To protect c7
with Rf8-f7 and trying to shut Bg2 out of the game with e5-e4. However
developing Bc8 is still a big problem} 14. O-O e4 (14... Qd6 $5) 15. Qf4 Rf7
16. Rfd1 b6) 14. Qc3 (14. O-O $2 c6 $11) 14... Bd7 15. O-O $16 c6 {Tisdall:
'An understandable attempt to relieve the pressure with exchanges. White has
many ideas against passive defence; doubling on the c-file, Qb3, Qe3
targetting a7 and 5.'} (15... Rac8 16. Qa5 $16) 16. dxc6 Bxc6 17. Bxc6 Rac8 18.
Rcd1 $1 {A very exact move} (18. Rfd1 $6 Rxc6 $1 19. Qxe5 Rxc1 20. Qxe7 Rcxd1+
21. Kg2 R1d7 $11) (18. Qf3 {Tisdall} bxc6 19. Rxc6 e4 20. Qc3 Rxc6 21. Qxc6 e3
{allows more counterplay.}) 18... Rxd1 (18... Rxc6 19. Qxe5 $18) 19. Rxd1 bxc6
{So black did not get rid of his weak c-P. But he did manage to exchange some
of whites heavy pieces. If he now got time to play h7-h6 he might be able to
hold on. Unfortunatly white has another tactical trick:} (19... Rxc6 20. Qxe5
$18) 20. Rd5 $1 f6 (20... cxd5 21. Qxc8+ Qf8 22. Qc7 $18 (22. Qxf8+ Kxf8 {
is probably a draw}) ({or} 22. Qb7 {Tisdall is a grim ending for black.})) 21.
Rc5 {[%cal Yb2b4,Yb4b5] Now white has the ideal setup. He is ready to play
b2-b4-b5} Qe6 22. a3 h5 $6 {creating another weakness without getting any play
on the K-side} 23. h4 {[%csl Ra7,Rc6,Rh5] Tisdall: 'A little consolidation and
now white can concentrate on advancing his b-pawn to annex the pawn on c6. '}
Rd8 (23... Kf7 24. b4 a6 (24... Qa2 25. Qf3 $18) 25. Qd3 Ra8 26. Qf3 $18) 24.
Rxc6 Rd1+ 25. Kg2 Qd5+ 26. Qf3 e4 {'?!' Tisdall.} (26... Qxf3+ 27. Kxf3 Rb1 (
27... a5 {Tisdall Otherwise Ra6 is too horrible to contemplate.} 28. Rc5 Rb1 {
must be statistically the best way to prolong the game - strange things can
happen in rook endings.}) 28. b4 a5 29. bxa5 Rb3+ 30. Ke4 Rxa3 31. a6 Kf7 32.
Kd5 $18) 27. Rc8+ Kh7 28. Qe3 {[%cal Rc8c5]} f5 29. Rc5 Qd2 {'?!' Tisdall.} (
29... Qe6 {Tisdall} 30. Qg5) (29... Qf7 $142 {Tisdall}) 30. Rxf5 Qxe3 31. fxe3
(31. fxe3 {Tisdall} Rd2 32. Rxh5+ Kg6 33. Rg5+ Kf6 34. Kf2 Rxb2 35. Ra5 Rb7 36.
g4 $18 {is the simplest reason to resign.}) 1-0

[Event "ISL-FRA"]
[Site "Reykjavik"]
[Date "1993.??.??"]
[Round "10"]
[White "Dorfman, Josif D"]
[Black "Hjartarson, Johann"]
[Result "1/2-1/2"]
[WhiteElo "2580"]
[BlackElo "2625"]
[Annotator "Hansen,Cu"]
[PlyCount "90"]
[EventDate "1993.??.??"]
[EventType "schev"]
[EventRounds "10"]
[EventCountry "ISL"]
[SourceTitle "CBM 035"]
[Source "ChessBase"]
[SourceDate "1993.08.01"]
[SourceVersion "1"]
[SourceVersionDate "1993.08.01"]
[SourceQuality "1"]

1. d4 Nf6 2. c4 e6 3. Nf3 Bb4+ 4. Bd2 c5 5. e3 b6 (5... O-O 6. Bxb4 (6. Nc3
cxd4 7. Nxd4 d5 8. cxd5 exd5 9. Be2 Nc6 $10 {Kraidman,Y-Kortjnoj,V/Jerusalem/
1986/}) (6. Be2 Bxd2+ 7. Qxd2 cxd4 8. Nxd4 d5 9. cxd5 Nxd5 10. Nc3 Nxc3 11.
Qxc3 Bd7 12. O-O Qb6 13. Rac1 Nc6 14. Rfd1 {0,5/Tal,M-Kortjnoj,V/Barcelona/
1992/}) 6... cxb4 7. Nbd2 (7. Be2 d6 8. O-O Nc6 9. a3 Re8 10. d5 exd5 11. cxd5
Ne7 12. axb4 Nexd5 13. b5 $14 {Karolyi,T-Polgar,Zso/Brussels Open/1987/}) 7...
d6 8. Be2 Nc6 9. O-O Re8 10. Qc2 $14 {Piasini,A-Grosar,A/Roma op/1990/}) (5...
Bxd2+ 6. Nbxd2 (6. Qxd2 Ne4 7. Qc2 Qa5+ 8. Nbd2 Nxd2 9. Qxd2 Qxd2+ 10. Kxd2 $14
{Flear,G-Izeta,F/Oviedo op/1992/}) 6... O-O 7. Bd3 d5 (7... d6 8. O-O Nc6 (8...
Qe7 9. dxc5 dxc5 10. Ne5 Nbd7 $10 {Meduna,E-Spiridonov,N/Varna/1983/}) 9. Qb3
Qe7 {Buchmann,H-Groenegress,W/2.BL/1987/}) 8. dxc5 Na6 $10 {Torre,E-Kindermann,
S/Biel/1988/}) 6. Be2 (6. Bd3 Bb7 7. O-O Bxd2 (7... O-O 8. Bxb4 cxb4 9. Nbd2 d6
10. e4 Nc6 11. Re1 Nd7 12. Bf1 e5 $10 {Orr,M-Petursson,M/Manila ol/1992/}) 8.
Nbxd2 O-O 9. Qe2 cxd4 10. Nxd4 Nc6 $10 {Israel,J-Buchenau,F/2.BL/1989/}) 6...
Bb7 7. O-O O-O 8. Nc3 cxd4 (8... Bxc3 9. Bxc3 Ne4 10. Qc2 Nxc3 11. Qxc3 d6 12.
dxc5 dxc5 13. Rfd1 Qf6 $10 {Garcia Gonzales,G-Lanc,A/Camaguey A/1987/}) 9. Nxd4
Be7 10. Bf3 Qc8 (10... Nc6 11. Rc1 $14) 11. Rc1 d6 (11... Nc6 $2 12. Nd5 $1 $16
) 12. Bxb7 Qxb7 13. Qf3 Qxf3 14. Nxf3 a6 (14... Nc6 $5 {><d4}) 15. Nd4 Rc8 16.
b3 Nbd7 (16... Nc6 $5 17. Nxc6 Rxc6 18. e4 b5 $132) 17. Rfd1 g6 18. Kf1 Nc5 19.
Ke2 Nfe4 20. Nxe4 Nxe4 21. Be1 {><d6} Rc5 $6 22. f3 Nf6 23. Bb4 Rc7 24. Nc2 $1
Ne8 25. e4 $14 {/\Ne3,><c4,><d5} Rac8 26. Ne3 {/\g2-g4()} (26. g4 d5 $10) 26...
h5 27. g3 f5 28. Ba3 b5 29. cxb5 axb5 30. Rxc7 Rxc7 31. Bb4 Ra7 32. a3 fxe4 33.
fxe4 Nf6 $10 34. Kf3 Kf7 35. Bxd6 Bxd6 36. Rxd6 Rxa3 37. e5 Nd5 38. Nxd5 exd5
39. Rf6+ Kg7 40. Kf4 Rxb3 41. Kg5 Re3 42. Rxg6+ Kf7 43. Rf6+ Ke7 44. Kf4 Re2 (
44... Re4+ 45. Kf5 $14) 45. Rd6 Rf2+ {Hansen,Cu} 1/2-1/2

[Event "New York Hudson"]
[Site "New York"]
[Date "1993.??.??"]
[Round "4"]
[White "Kaidanov, Gregory S"]
[Black "Goldin, Alexander"]
[Result "1-0"]
[WhiteElo "2620"]
[BlackElo "2555"]
[Annotator "Hansen,Cu"]
[PlyCount "91"]
[EventDate "1993.??.??"]
[EventType "tourn"]
[EventRounds "9"]
[EventCountry "USA"]
[EventCategory "13"]
[SourceTitle "CBM 035"]
[Source "ChessBase"]
[SourceDate "1993.08.01"]
[SourceVersion "1"]
[SourceVersionDate "1993.08.01"]
[SourceQuality "1"]

1. d4 {Hansen,LB} Nf6 2. c4 e6 3. g3 Bb4+ 4. Bd2 Qe7 5. Nf3 Nc6 6. Nc3 d5 (6...
Bxc3 {Hansen,LB} 7. Bxc3 Ne4 8. Rc1 d6 9. d5 Nxc3 10. Rxc3 Nb8 11. Bg2 O-O 12.
O-O e5 13. Nd2 f5 14. c5 $5 dxc5 15. Qc1 Nd7 16. Nb3 e4 17. Nxc5 Nf6 18. f3 $1
$14 {Lobron,E-Kortchnoi,V/Wijk open/1993/}) (6... O-O {Hansen,LB} 7. Bg2 Bxc3
8. Bxc3 Ne4 9. Rc1 d6 10. d5 Nd8 $5 (10... Nxc3) 11. dxe6 Nxe6 12. Bb4 $1 $14 {
Kramnik,V-Ulibin,M/Chalkidiki/1992/}) 7. a3 Bxc3 8. Bxc3 Ne4 (8... dxc4 9. Qa4
O-O 10. Qxc4 Rb8 11. Bg2 Qd6 12. Bd2 b5 13. Qd3 b4 14. O-O $14 {Dzhandzhava,
L-Dvoirys,S/Simferopol/1988/}) (8... O-O 9. Bg2 Rd8 (9... Ne4 10. Qc2 f5 (10...
Nxc3 11. Qxc3 dxc4 12. Rc1 Rb8 13. Qxc4 e5 14. d5 e4 15. Nd2 e3 16. fxe3 Ne5
17. Qxc7 Bd7 18. Qc5 Qf6 19. Qd4 $16 {Wegner,H-Schulz,KJ/BL/1990/}) 11. b4 Qf6
12. cxd5 exd5 13. b5 Nd8 14. Bb4 Re8 15. O-O $16 {Vyzmanavin,A-Umansky,M/Gorky/
1989/}) 10. O-O (10. Qc2 a5 11. b3 (11. O-O Ne4 12. Rfd1 Bd7 13. Ne5 Nxe5 14.
dxe5 Nxc3 15. Qxc3 c6 16. Rd2 $14 {Polgar,Z-Oll,L/Pamplona/1991/}) 11... Ne4
12. O-O Bd7 (12... Nxc3 13. Qxc3 e5 14. dxe5 d4 15. Qb2 Bg4 16. Rfd1 Qc5 17.
Rd2 a4 18. b4 Qxc4 19. Rc1 Qb3 20. Qa1 $16 {Nikolic,P-Adams,M/Hastings/1989/})
13. e3 $14 {Carlhammar-Larsson/Rilton Cup/1988/} (13. Bb2 Be8 14. Ne1 f5 15.
Rd1 Bf7 $14 {Vyzmanavin,A-Goldin,A/USSR/1987/}) (13. Rfd1 Be8 14. Bb2 f6 15.
Ne1 Bg6 16. Nd3 Qe8 17. Qc1 Bf7 18. Bxe4 dxe4 19. Nc5 $16 {Vyzmanavin,A-Kuzmin,
G/Kusadasi Open/1990/})) 10... a5 (10... a6 $2 11. Qb3 Rb8 12. Rac1 Bd7 13.
Rfd1 a5 14. Ne5 $16 {Tukmakov,V-Martens,M/Wijk-B/1991/}) 11. Qc2 (11. Qb3 a4
12. Qa2 Ne4 13. Rac1 Qf6 14. Rfd1 b6 $13 {Gleizerov-Rozentalis/Budapest Open/
1989/}) (11. Rc1 Ne4 (11... a4 12. Ne5 Nxe5 13. dxe5 Ne8 14. Rc2 c6 15. Rd2 $14
{Komarov,D-Winants,L/Huy op/1992/}) 12. Qc2 Nd6 (12... Bd7 {Hansen,LB} 13. Rfe1
$6 Be8 14. cxd5 exd5 15. Nd2 f5 16. e3 Bg6 $15 {Piket,J-Kortchnoi,V/Nijmegen m/
4 1993/}) 13. c5 Ne4 14. b4 axb4 15. axb4 b6 $10 {Rashkovsky,N-Piskov,Y/Moscow
GMA op/1989/}) (11. b3 a4 (11... Bd7 12. Bb2 Be8 13. Qc2 Ne4 14. Ne1 Nf6 (14...
f5 15. cxd5 exd5 16. Nd3 Qf6 17. e3 $14 {Timoschenko,G-Kiselev,S/Novosibirsk
tt/1989/}) 15. Nd3 Rab8 16. e3 $14 {Dautov,R-Kiselev,S/Frunze/1988/}) 12. cxd5
(12. b4 dxc4 13. b5 Na7 14. Qxa4 Bd7 15. Qxc4 Bxb5 16. Bb4 Qd7 17. Qc2 Nc6 18.
Rfb1 Nxb4 19. Rxb4 c6 20. a4 Ba6 21. Rc1 {0,5/Kanstler,B/Petursson,M/Manila ol/
1992/}) 12... Nxd5 13. Bb2 Nb6 14. e4 $14 {De Boer,GJ-Oll,L/Tilburg/1992/}) (
11. cxd5 exd5 12. Rc1 Bf5 $10 {Peshina,G-Yanvarev,I/Warszawa open/1989/}) 11...
a4 (11... Ne4 12. Rfd1 Bd7 13. e3 Be8 14. Be1 a4 15. Rac1 f6 16. Nd2 f5 17. f3
Nf6 18. Bf2 Bg6 19. Qc3 {0,5/Dokhoian,Y-Rosentalis,E/Lvov zt/1990/}) 12. Ne5
Bd7 13. Rfd1 Be8 14. Rac1 $14 {Razuvaev,Y-Rashkovsky,N/Moscow GMA op/1989/
+Gavrilov,A/Nikolenko,O/Moscow I/ 1990/}) (8... a5 9. Bg2 b6 10. Ne5 Bb7 11.
Nxc6 Bxc6 12. Qc2 O-O 13. cxd5 exd5 14. Bxa5 $16 {Eingorn,E-Kuligowski,A/
Polanica Zdroj/1984/}) 9. Qb3 O-O (9... Qd6 10. Bg2 O-O 11. O-O a5 12. Rfd1 a4
13. Qc2 Nxc3 14. Qxc3 Na5 15. Nd2 c6 16. c5 Qe7 17. Qb4 $16 {Magerramov,
E-Hansen,LB/Uzhgorod/1988/}) 10. Bg2 Rd8 11. O-O a5 12. e3 b6 (12... a4 $5 13.
Qa2 b6 {/\Ba6}) 13. Rfc1 Bb7 14. Be1 $14 {פc6} a4 15. Qc2 Nd6 $6 (15... Na5
16. Bxa5 Rxa5 17. cxd5 $16) (15... Qf6 $5) (15... f6 $5) 16. Nd2 Qf6 17. Qd1 (
17. cxd5 {Hansen,LB} exd5 18. Bxd5 $2 Nxd4 $1) 17... Nf5 (17... Nxc4 18. Nxc4
dxc4 19. Rxc4 Na5 20. Rxc7 $16) 18. cxd5 exd5 19. Nb1 $1 $16 {/\Nc3,><d5,><a4}
Rd7 20. Nc3 Nd8 21. Nxa4 $18 Ne6 22. b4 h5 23. Nb2 $1 h4 24. Nd3 {><e5} hxg3
25. hxg3 Re7 26. b5 {><c7,><c6,/\a3-a4-a5} Qh6 27. Ne5 Ng5 28. Bb4 Rxe5 29.
dxe5 Nh3+ 30. Bxh3 (30. Kf1 $2 Nxf2 $40) 30... Qxh3 31. Rxc7 Rb8 32. Qf3 Bc8
33. Qxd5 Be6 34. Qg2 Qg4 35. Bc3 {><d4} (35. e4 $2 Nd4 $13) 35... Rd8 36. e4
Nd4 (36... Rd1+ {Hansen,LB} 37. Rxd1 Qxd1+ 38. Qf1 $18) 37. Bxd4 Rxd4 {ףg2}
38. f3 $2 (38. Rc6 $1 Rxe4 $2 39. f3) 38... Qg5 {/\Rd2} 39. Rc2 Qxe5 40. Rac1
g6 (40... Qxb5 $1) 41. Qf2 Ra4 42. Rd2 {/\43.Rd8+ Kg7 44.Qh2} Ra8 (42... Qxb5 {
Hansen,LB} 43. Rd8+ Kg7 44. Qh2 $18) 43. a4 Bb3 (43... Rxa4 {Hansen,LB} 44.
Rd8+ Kg7 45. Qh2 $18) 44. Kg2 Rxa4 45. Qxb6 Kg7 46. Qc5 {Hansen,Cu} 1-0